[Event "Dewan Astana Karnival op (Women)"]
[Site "Dewan Astana"]
[Date "2015.08.01"]
[Round "7"]
[White "Nur, Diyana Sakinah Muhd"]
[Black "Nur, Farhana Atiqah Amir"]
[Result "0-1"]
[WhiteElo "1433"]
[BlackElo "1498"]
[PlyCount "82"]
[EventDate "2015.07.29"]
[EventType "swiss"]
[EventRounds "7"]
[EventCountry "MAS"]
[SourceTitle "EXT 2017"]
[Source "ChessBase"]
[SourceDate "2016.10.25"]
[SourceVersion "1"]
[SourceVersionDate "2016.10.25"]
[SourceQuality "1"]

1. d4 Nf6 2. c4 g6 3. Nc3 Bg7 4. Bf4 d6 5. e3 0-0 6. h3 Nbd7 7. Nf3 c6 8. Be2 Qc7 9. Qc2 Re8 10. 0-0 e5 11. Bh2 Qd8 12. Rab1 exd4 13. exd4 Nb6 14. b4 d5 15. c5 Nc4 16. Qb3 Be6 17. Rbd1 b6 18. Ng5 b5 19. Nxe6 Rxe6 20. Qc2 a5 21. Bxc4 bxc4 22. b5 Qd7 23. b6 Qb7 24. Rfe1 Rae8 25. Rxe6 Rxe6 26. Kf1 Ne4 27. f3 Nxc3 28. Qxc3 Qa6 29. Rb1 Re7 30. Bc7 Qb7 31. Qxa5 Rxc7 32. bxc7 Qxb1+ 33. Qe1 Qd3+ 34. Kg1 Bxd4+ 35. Kh1 c3 36. c8Q+ Kg7 37. Qxc6 c2 38. Qce8 Qd1 39. Kh2 c1Q 40. Q1e7 Qf4+ 41. g3 Qg1# 0-1